[Event "TOP 12 Fem - Guingamp/Naujac"]
[Site "SARTROUVILLE"]
[Date "12.02.13"]
[Round "3.3"]
[White "Le Bihan, Alison"]
[Black "Wohlers-Armas, Friederike"]
[Result "0-1"]
[WhiteElo "1600"]
[BlackElo "2000"]
[PlyCount "76"]
[EventDate "12.??.??"]
[WhiteTeam "Guingamp"]
[BlackTeam "Naujac"]

1. d4 Nf6 2. Nf3 b5 3. g3 Bb7 4. Bg2 e6 5. O-O d6 6. c4 bxc4 7. Qa4+ Nbd7 8.
Qxc4 Nb6 9. Qd3 a5 10. Nc3 Be7 11. e4 Ba6 12. Qc2 Bxf1 13. Kxf1 O-O 14. e5 Nfd5
15. exd6 cxd6 16. Nd2 Rc8 17. Qd3 Nxc3 18. bxc3 d5 19. Nb3 Nc4 20. Bd2 a4 21.
Nc1 Qb6 22. Qc2 Bf6 23. Ne2 Rb8 24. Bc1 Qb5 25. Kg1 Rfc8 26. Bf1 Qa5 27. Qd3 a3
28. Qc2 Nd6 29. f3 h6 30. Kf2 Nb5 31. Bd2 Nxd4 32. Nxd4 Bxd4+ 33. Kg2 Bxc3 34.
Bxc3 Rxc3 35. Qd1 Rb2+ 36. Kg1 Qc5+ 37. Kh1 Qf2 38. Qa4 Qxh2# 0-1

[Event "TOP 12 Fem - Montpellier/Mulhouse"]
[Site "SARTROUVILLE"]
[Date "12.02.13"]
[Round "3.1"]
[White "Hamdouchi, Adina-Maria"]
[Black "Choisy, Mathilde"]
[Result "1/2-1/2"]
[WhiteElo "2293"]
[BlackElo "2188"]
[PlyCount "78"]
[EventDate "12.??.??"]
[WhiteTeam "Montpellier"]
[BlackTeam "Mulhouse Philidor"]

1. d4 Nf6 2. Nf3 g6 3. g3 Bg7 4. Bg2 O-O 5. O-O d6 6. b3 d5 7. Bb2 Bf5 8. c4 c6
9. Nc3 Ne4 10. e3 Bg4 11. h3 Bxf3 12. Bxf3 Nxc3 13. Bxc3 f5 14. a4 e6 15. b4
Nd7 16. Qb3 Nf6 17. Rfd1 Ne4 18. Be1 Rf7 19. Rac1 Nd6 20. cxd5 cxd5 21. Rc2 Rc8
22. Rdc1 Rfc7 23. Be2 Bf8 24. b5 Rxc2 25. Rxc2 Rxc2 26. Qxc2 Qc8 27. Qc5 b6 28.
Qc6 Kf7 29. Qxc8 Nxc8 30. a5 bxa5 31. Bxa5 Ke8 32. Kf1 Kd7 33. Ke1 Bd6 34. Kd2
Bc7 35. Bb4 Nd6 36. Kc2 Ne4 37. Be1 Bb6 38. Bd3 Nd6 39. Kb3 Nb7 1/2-1/2

[Event "TOP 12 Fem - Mulhouse/Montpellier"]
[Site "SARTROUVILLE"]
[Date "12.02.13"]
[Round "3.2"]
[White "Richard, Emma"]
[Black "Safranska, Anda"]
[Result "0-1"]
[WhiteElo "2071"]
[BlackElo "2241"]
[PlyCount "130"]
[EventDate "12.??.??"]
[WhiteTeam "Mulhouse Philidor"]
[BlackTeam "Montpellier"]

1. e4 g6 2. d4 Bg7 3. Nf3 d6 4. Bc4 e6 5. O-O h6 6. c3 a6 7. a4 b6 8. Qe2 Ne7
9. Rd1 Bb7 10. Bb3 Nd7 11. Nbd2 O-O 12. Nf1 Kh8 13. h4 Ng8 14. Ng3 Qe7 15. h5
e5 16. Nh2 Ngf6 17. Bc2 Rae8 18. hxg6 fxg6 19. f3 Kh7 20. Ngf1 Nh5 21. g3 Qf7
22. d5 Nhf6 23. Ne3 h5 24. Ng2 Rh8 25. Nh4 Kg8 26. Qg2 Nh7 27. f4 Ndf8 28. Rf1
Qe7 29. f5 g5 30. Ng6 Nxg6 31. fxg6 Nf8 32. Rf5 Qd8 33. Nf3 Nxg6 34. Bxg5 Qb8
35. Rf1 Rf8 36. Rxf8+ Bxf8 37. Qf2 Qe8 38. Bf6 Rh6 39. Bh4 Bc8 40. Ng5 Nxh4 41.
gxh4 Be7 42. Kh2 Rf6 43. Qg2 Bg4 44. Rxf6 Bxf6 45. Qg3 Qe7 46. Qe3 Kg7 47. Bd3
a5 48. Nf3 Bxh4 49. Bf1 Bf6 50. Bg2 Kg6 51. Nd2 Bg5 52. Qd3 Bf4+ 53. Kg1 Qh4
54. Nf1 Qg5 55. b4 h4 56. Kf2 Qf6 57. Kg1 Qg5 58. Kf2 Bd7 59. bxa5 bxa5 60. Qd1
h3 61. Bf3 h2 62. Nxh2 Bxh2 63. Qb3 Qd2+ 64. Be2 Bg4 65. Qb5 Kg5 0-1

[Event "TOP 12 Fem - Montpellier/Mulhouse"]
[Site "SARTROUVILLE"]
[Date "12.02.13"]
[Round "3.3"]
[White "Frisk, Ellinor"]
[Black "Haussernot, Cecile"]
[Result "1-0"]
[WhiteElo "2131"]
[BlackElo "1987"]
[PlyCount "71"]
[EventDate "12.??.??"]
[WhiteTeam "Montpellier"]
[BlackTeam "Mulhouse Philidor"]

1. e4 c5 2. Nf3 d6 3. d4 cxd4 4. Nxd4 Nf6 5. Nc3 a6 6. f3 e5 7. Nb3 Be7 8. Be3
O-O 9. Qd2 Be6 10. O-O-O Nbd7 11. g4 Qc7 12. Kb1 b5 13. g5 Nh5 14. Ne2 Rac8 15.
Ng3 Nf4 16. h4 Nc5 17. Bxf4 exf4 18. Nh5 Rfd8 19. Nxf4 Nxb3 20. axb3 d5 21.
Nxd5 Bxd5 22. exd5 Bd6 23. Bd3 Bf4 24. Qg2 Qd6 25. h5 Rc5 26. Be4 b4 27. g6
fxg6 28. hxg6 h6 29. Rh5 Ra5 30. Qf2 Be5 31. Rxe5 Qxe5 32. Qb6 Qd6 33. Qxa5 h5
34. Rh1 Rb8 35. Qa4 Rf8 36. Rxh5 1-0

[Event "TOP 12 Fem -Mulhouse/Montpellier"]
[Site "SARTROUVILLE"]
[Date "12.02.13"]
[Round "3.4"]
[White "Sidibe, Malika"]
[Black "Piquemal, Christiane"]
[Result "0-1"]
[WhiteElo "1868"]
[BlackElo "2053"]
[PlyCount "94"]
[EventDate "12.??.??"]
[WhiteTeam "Mulhouse Philidor"]
[BlackTeam "Montpellier"]

1. Nf3 d6 2. g3 c5 3. Bg2 Nc6 4. b3 Nf6 5. Bb2 e6 6. c4 Be7 7. O-O O-O 8. e3
Qc7 9. Nc3 a6 10. d4 Rb8 11. Qe2 b6 12. Rad1 Bb7 13. d5 exd5 14. cxd5 Na7 15.
Ng5 h6 16. Nh3 b5 17. f4 b4 18. Na4 Bc8 19. Nf2 Bd7 20. Bxf6 Bxf6 21. Nb2 Nb5
22. Qd3 Bxb2 23. Rd2 Bf6 24. Ne4 Qd8 25. Re1 Re8 26. Rc2 Bf5 27. Nxf6+ Qxf6 28.
e4 Re7 29. Rce2 Bg6 30. Qe3 Nc3 31. Rc2 Nxe4 32. g4 Nc3 33. Qxe7 Qxe7 34. Rxe7
Bxc2 35. Bf1 Nb5 36. Bc4 Kf8 37. Re2 Bd1 38. Rg2 Bf3 39. Rg3 Nd4 40. Kf2 Be4
41. Rg1 a5 42. Re1 Re8 43. h4 f5 44. Kg3 fxg4 45. Rf1 Bf3 46. Rf2 Nf5+ 47. Kh2
g3+ 0-1

[Event "TOP 12 Fem - JEEN/Cannes"]
[Site "SARTROUVILLE"]
[Date "12.02.13"]
[Round "3.1"]
[White "Gatine, Aurelia"]
[Black "Lahno, Kateryna"]
[Result "0-1"]
[WhiteElo "1983"]
[BlackElo "2518"]
[PlyCount "64"]
[EventDate "12.??.??"]
[WhiteTeam "J.E.E.N."]
[BlackTeam "Cannes"]

1. e4 d6 2. d4 Nf6 3. Nc3 g6 4. Bg5 Bg7 5. Qd2 h6 6. Be3 Ng4 7. O-O-O Nxe3 8.
fxe3 O-O 9. h4 c6 10. Bc4 b5 11. Bb3 Nd7 12. h5 g5 13. Nf3 a5 14. a4 bxa4 15.
Nxa4 Nf6 16. Nxg5 hxg5 17. h6 Bh8 18. e5 Nh7 19. Qd3 e6 20. c3 dxe5 21. Nc5 a4
22. Nxe6 e4 23. Qxe4 Qe7 24. Nxg5 Qxe4 25. Bxf7+ Rxf7 26. Nxe4 Re7 27. Rh4 Nf6
28. Nd6 Rxe3 29. g4 Bxg4 30. Rxg4+ Nxg4 31. Rg1 Kh7 32. Rxg4 Rf8 0-1

[Event "TOP 12 Fem - Cannes/JEEN"]
[Site "SARTROUVILLE"]
[Date "12.02.13"]
[Round "3.2"]
[White "Leconte, Maria"]
[Black "Chauvin, Stephanie"]
[Result "1-0"]
[WhiteElo "2310"]
[BlackElo "1892"]
[PlyCount "51"]
[EventDate "12.??.??"]
[WhiteTeam "Cannes"]
[BlackTeam "J.E.E.N."]

1. d4 d5 2. Nf3 Nf6 3. c4 e6 4. Nc3 Be7 5. Bf4 c6 6. e3 O-O 7. Bd3 Nbd7 8. Qc2
Re8 9. Ne5 Nf8 10. O-O-O dxc4 11. Bxc4 Nd5 12. Bg3 Bd7 13. e4 Nxc3 14. Qxc3 Bf6
15. Kb1 Rc8 16. Bb3 b6 17. Qf3 Bxe5 18. Bxe5 Ng6 19. h4 c5 20. h5 Nxe5 21. dxe5
Qe7 22. h6 g6 23. Rxd7 Qxd7 24. Qf6 Kf8 25. Rd1 Qc7 26. Qg7+ 1-0

[Event "TOP 12 Fem - JEEN/Cannes"]
[Site "SARTROUVILLE"]
[Date "12.02.13"]
[Round "3.3"]
[White "Blangez, Claire"]
[Black "Bensdorp, Marlies"]
[Result "1/2-1/2"]
[WhiteElo "1680"]
[BlackElo "2269"]
[PlyCount "116"]
[EventDate "12.??.??"]
[WhiteTeam "J.E.E.N."]
[BlackTeam "Cannes"]

1. e4 e5 2. Nf3 Nc6 3. Bb5 Bc5 4. O-O Nd4 5. Nxd4 Bxd4 6. c3 Bb6 7. d4 c6 8.
Ba4 d6 9. Be3 Nf6 10. f3 O-O 11. Bf2 Qe7 12. Nd2 Be6 13. Bb3 Rfd8 14. Nc4 Bxc4
15. Bxc4 exd4 16. Bxd4 d5 17. exd5 Nxd5 18. Re1 Qc7 19. Kh1 Nf4 20. Bxb6 axb6
21. Qc2 b5 22. Bf1 Rd6 23. a4 bxa4 24. Qxa4 Rad8 25. Qxf4 Qd7 26. Qg4 Qc7 27.
Qe4 g6 28. Qe2 Rd2 29. Qe4 Rxb2 30. Rad1 Ra8 31. Qe7 Qf4 32. Rd8+ Rxd8 33.
Qxd8+ Kg7 34. Qd4+ Qxd4 35. cxd4 Rd2 36. Rb1 b5 37. Rc1 b4 38. Rxc6 Rxd4 39.
Rc4 Rd1 40. Kg1 b3 41. Rb4 Rb1 42. Kf2 b2 43. Bd3 Rd1 44. Ke2 Rg1 45. Kf2 Rd1
46. Be4 f5 47. Rxb2 fxe4 48. fxe4 Kf6 49. Kf3 Rf1+ 50. Rf2 Re1 51. Kf4 h6 52.
h3 g5+ 53. Kg4+ Kg6 54. Kf3 Kf6 55. Re2 Rf1+ 56. Ke3 Ke5 57. Rc2 Re1+ 58. Kf3
Rf1+ 1/2-1/2

[Event "TOP 12 Fem - Cannes/JEEN"]
[Site "SARTROUVILLE"]
[Date "12.02.13"]
[Round "3.4"]
[White "Verot, Melanie"]
[Black "Onkoud, Houda"]
[Result "1-0"]
[WhiteElo "2117"]
[BlackElo "1320"]
[PlyCount "33"]
[EventDate "12.??.??"]
[WhiteTeam "Cannes"]
[BlackTeam "J.E.E.N."]

1. d4 d5 2. c4 Bf5 3. Nc3 e6 4. Nf3 c6 5. Qb3 Qd7 6. Ne5 Qc8 7. cxd5 cxd5 8.
Bf4 Nd7 9. Nxd7 Qxd7 10. e4 dxe4 11. Bb5 Qxb5 12. Qxb5+ Kd8 13. O-O b6 14. d5
Ne7 15. dxe6 Bxe6 16. Rfd1+ Kc8 17. Qa6# 1-0

[Event "TOP 12 Fem - Naujac/Mulhouse"]
[Site "?"]
[Date "2011.02.13"]
[Round "4.1"]
[White "Armas, Lara-Maria"]
[Black "Choisy, Mathilde"]
[Result "0-1"]
[WhiteElo "1985"]
[BlackElo "2188"]
[PlyCount "52"]
[EventDate "2011.02.13"]
[SourceDate "2011.02.13"]

1. d4 Nf6 2. c4 g6 3. Nc3 Bg7 4. e4 d6 5. f3 O-O 6. Be3 Nc6 7. Qd2 a6 8. Nge2
Rb8 9. g4 b5 10. g5 Nd7 11. Ng3 e5 12. Nce2 bxc4 13. d5 Nd4 14. Nxd4 exd4 15.
Bxd4 Ne5 16. Ke2 f5 17. exf5 Bxf5 18. Nxf5 Rxf5 19. Bg2 Nd3 20. Bxg7 Kxg7 21.
Rab1 Qxg5 22. Qxg5 Rxg5 23. Rhg1 Nf4+ 24. Kf2 c3 25. b4 c2 26. Rb3 Rxg2+ 0-1

[Event "TOP 12 Fem - Mulhouse/Naujac"]
[Site "?"]
[Date "2011.02.13"]
[Round "4.2"]
[White "Richard, Emma"]
[Black "Wohlers-Armas"]
[Result "0-1"]
[WhiteElo "2071"]
[BlackElo "2000"]
[PlyCount "124"]
[EventDate "2011.02.13"]
[SourceDate "2011.02.13"]

1. e4 g6 2. d4 c6 3. Nf3 d5 4. e5 Bg7 5. Bd3 Nh6 6. O-O O-O 7. Re1 Bg4 8. h3
Bxf3 9. Qxf3 f5 10. exf6 exf6 11. Bd2 Nd7 12. Bb4 Re8 13. Nd2 Qb6 14. Bc3 Nf7
15. h4 Nf8 16. Qg3 Qd8 17. Nf3 Qd6 18. Qh3 Qd7 19. Qg3 Nd6 20. h5 Ne4 21. Qh3
g5 22. Bxe4 dxe4 23. Nd2 f5 24. Rad1 Rad8 25. Nb3 b6 26. h6 Bf6 27. Qh5 Ng6 28.
g3 Qd5 29. Bd2 f4 30. gxf4 gxf4 31. Qg4 Qg5 32. Qxg5 Bxg5 33. Kg2 Bxh6 34. Rh1
Bg7 35. Bc3 Rd5 36. Nd2 Rg5+ 37. Kf1 e3 38. Re1 exd2 39. Rxe8+ Kf7 40. Bxd2
Kxe8 41. Rxh7 Kf7 42. Bc3 Kg8 43. Rh3 c5 44. dxc5 Rxc5 45. Bxg7 Kxg7 46. c3 Rf5
47. Rd3 Ne5 48. Rd4 f3 49. Ke1 Rg5 50. Kd2 Rg4 51. Ke3 Rxd4 52. cxd4 Nc4+ 53.
Kxf3 Nxb2 54. Ke4 Na4 55. Ke5 Kf7 56. d5 Ke7 57. f4 Nc5 58. d6+ Kd7 59. f5 Nb7
60. f6 Nxd6 61. Kd5 Nf7 62. a3 a6 0-1

[Event "TOP 12 Fem - Naujac/Mulhouse"]
[Site "?"]
[Date "2011.02.13"]
[Round "4.3"]
[White "Zickelbein, Friederike"]
[Black "Haussernot, Cecile"]
[Result "0-1"]
[WhiteElo "2056"]
[BlackElo "1987"]
[PlyCount "84"]
[EventDate "2011.02.13"]
[SourceDate "2011.02.13"]

1. e4 c5 2. Nc3 a6 3. Nf3 d6 4. d4 cxd4 5. Nxd4 Nf6 6. f3 e5 7. Nb3 Be7 8. a4
O-O 9. a5 Be6 10. Nd5 Bxd5 11. exd5 e4 12. Be2 exf3 13. Bxf3 b6 14. axb6 Qxb6
15. Qd4 Qc7 16. c3 Nbd7 17. O-O a5 18. Qf4 Ne5 19. Kh1 Ng6 20. Qa4 Ne5 21. Nxa5
Nxf3 22. Rxf3 Nxd5 23. Qb5 Nf6 24. b4 d5 25. Bg5 Ng4 26. Bf4 Bd6 27. Raf1 Bxf4
28. Rxf4 Ne3 29. R1f3 Qxc3 30. h3 Rac8 31. Qd7 Qe1+ 32. Kh2 Rc2 33. Rxe3 Qxe3
34. Qf5 Rc1 35. Rg4 Qg1+ 36. Kg3 Qe1+ 37. Kh2 Qg1+ 38. Kg3 Rc3+ 39. Kh4 Qe1+
40. g3 Qe7+ 41. Kh5 Re3 42. Nc6 Qd6 0-1

[Event "TOP 12 Fem - Mulhouse/Naujac"]
[Site "?"]
[Date "2011.02.13"]
[Round "4.4"]
[White "Sidibe, Malika"]
[Black "Armas, Lena"]
[Result "0-1"]
[WhiteElo "1868"]
[BlackElo "1857"]
[PlyCount "64"]
[EventDate "2011.02.13"]
[SourceDate "2011.02.13"]

1. Nf3 Nf6 2. c4 e6 3. b3 Be7 4. Bb2 O-O 5. Nc3 d5 6. e3 b6 7. d4 Bb7 8. Bd3 c5
9. O-O Nc6 10. cxd5 Nxd5 11. dxc5 Bxc5 12. Ne4 Be7 13. Rc1 Rc8 14. a3 Rc7 15.
Qe2 Qc8 16. Nfd2 f5 17. Ng3 Bf6 18. Nc4 Rd8 19. Nh5 Bxb2 20. Nxb2 Ne5 21. Rxc7
Qxc7 22. Bc4 Qf7 23. Nf4 Nxc4 24. Nxc4 Qf6 25. Nd3 Nc3 26. Qc2 Be4 27. Nce5
Qxe5 28. Nxe5 Bxc2 29. Nc6 Rd1 30. Rxd1 Bxd1 31. Nxa7 Bxb3 32. Nc6 Nb5 0-1

[Event "TOP 12 Fem - Cannes/Montpellier"]
[Site "?"]
[Date "2011.02.13"]
[Round "4.1"]
[White "Lahno, Kateryna"]
[Black "Safranska, Anda"]
[Result "1-0"]
[WhiteElo "2518"]
[BlackElo "2241"]
[PlyCount "79"]
[EventDate "2011.02.13"]
[SourceDate "2011.02.13"]

1. d4 Nf6 2. c4 g6 3. Nc3 Bg7 4. e4 d6 5. Nf3 O-O 6. Be2 Na6 7. O-O e5 8. Re1
c6 9. Bf1 Bg4 10. d5 c5 11. a3 Nh5 12. h3 Bd7 13. Rb1 h6 14. b4 b6 15. Nb5 Be8
16. Qa4 Qc8 17. Be2 Nf4 18. Bxf4 exf4 19. Qd1 Qd8 20. Qd2 g5 21. Bd3 Nb8 22.
bxc5 bxc5 23. e5 dxe5 24. Nxe5 a6 25. Nc3 f5 26. Bc2 Qd6 27. Nd3 Bf7 28. Ba4
Ra7 29. Ne2 Rc8 30. Qa5 Bf8 31. Nec1 Nd7 32. Bxd7 Qxd7 33. Ne5 Qc7 34. Qd2 Be8
35. Qd3 Qh7 36. d6 Rd8 37. Rb6 Qg7 38. Qxf5 Rxd6 39. Rxd6 Bxd6 40. Qe6+ 1-0

[Event "TOP 12 Fem - Montpellier/Cannes"]
[Site "?"]
[Date "2011.02.13"]
[Round "4.2"]
[White "Hamdouchi, Adina"]
[Black "Leconte, Maria"]
[Result "1/2-1/2"]
[WhiteElo "2293"]
[BlackElo "2310"]
[PlyCount "44"]
[EventDate "2011.02.13"]
[SourceDate "2011.02.13"]

1. Nf3 d5 2. g3 g6 3. Bg2 Bg7 4. O-O e5 5. d3 Ne7 6. Nbd2 O-O 7. e4 d4 8. Nc4
Nbc6 9. a4 h6 10. b4 Nxb4 11. Nfxe5 Be6 12. f4 f6 13. Nf3 Bxc4 14. dxc4 c5 15.
Bd2 Qc8 16. Qe2 Qe6 17. f5 Nxf5 18. Bh3 Qe8 19. c3 dxc3 20. Bxc3 Nd6 21. Rfe1
Nc6 22. a5 Nf7 1/2-1/2

[Event "TOP 12 Fem - Cannes/Montpellier"]
[Site "?"]
[Date "2011.02.13"]
[Round "4.3"]
[White "Bensdorp, Marlêne"]
[Black "Frisk, Ellinor"]
[Result "1-0"]
[WhiteElo "2269"]
[BlackElo "2130"]
[PlyCount "97"]
[EventDate "2011.02.13"]
[SourceDate "2011.02.13"]

1. d4 d5 2. c4 c6 3. Nf3 Nf6 4. Qb3 dxc4 5. Qxc4 b5 6. Qc2 e6 7. g3 Bb7 8. Bg2
Nbd7 9. O-O c5 10. dxc5 Bxc5 11. Qb3 a6 12. a4 Bd5 13. Qd1 b4 14. Nbd2 a5 15.
b3 O-O 16. Bb2 Rc8 17. Rc1 Be7 18. Rxc8 Qxc8 19. Qb1 Qa8 20. Rc1 Nc5 21. Ng5
Rd8 22. Bxf6 Bxf6 23. Qxh7+ Kf8 24. Rxc5 Qa7 25. Nge4 Bd4 26. Rc8 Rxc8 27. Qh8+
Ke7 28. Qxc8 f5 29. Ng5 Bxf2+ 30. Kf1 Bg1 31. Nh3 Qd4 32. Bxd5 Qxd5 33. Nxg1
Qxd2 34. Qc7+ Kf6 35. Qc4 e5 36. Nf3 Qd1+ 37. Kg2 g5 38. Qa6+ Kg7 39. Qa7+ Kf6
40. Qb6+ Kg7 41. Qc7+ Kh6 42. Qxe5 Qxb3 43. Qf6+ Kh7 44. Nxg5+ Kg8 45. Qg6+ Kf8
46. Qxf5+ Ke7 47. Qxa5 Qc4 48. Qe5+ Kd7 49. Qb5+ 1-0

[Event "TOP 12 Fem - Montpellier/Cannes"]
[Site "?"]
[Date "2011.02.13"]
[Round "4.4"]
[White "Piquemal, Christiane"]
[Black "Verot, Mélanie"]
[Result "0-1"]
[WhiteElo "2053"]
[BlackElo "2217"]
[PlyCount "92"]
[EventDate "2011.02.13"]
[SourceDate "2011.02.13"]

1. Nf3 g6 2. g3 Bg7 3. Bg2 Nf6 4. O-O c5 5. d3 O-O 6. Nbd2 Nc6 7. e4 d5 8. Re1
dxe4 9. Nxe4 Nxe4 10. dxe4 Qxd1 11. Rxd1 Bg4 12. Rd5 Rad8 13. c3 b6 14. Bf4 Be6
15. Rxd8 Rxd8 16. Bf1 Bg4 17. Kg2 h6 18. Bb5 Nb8 19. Bc4 g5 20. Be3 Nd7 21. Bb5
Nf6 22. Nd2 Bc8 23. Bc6 {(=)} Ng4 24. Nf1 Ne5 25. Bd5 e6 26. Bb3 Bb7 27. f3 g4
28. Bd1 gxf3+ 29. Bxf3 f5 30. Nd2 Nxf3 31. Kxf3 fxe4+ 32. Kf4 e5+ 33. Kf5 Bd5
34. c4 Rf8+ 35. Kg4 Be6+ 36. Kh5 Rf5+ 37. Kg6 Rf6+ 38. Kh5 Rf5+ 39. Kg6 Rf8 40.
Kh5 Kh7 41. Rf1 Rxf1 42. Nxf1 Bxc4 43. Nd2 Be2+ 44. g4 Bd3 45. b3 Bf6 46. h4
Bb5 0-1

[Event "TOP 12 Fem - Guingamp/JEEN"]
[Site "?"]
[Date "2011.02.13"]
[Round "4.1"]
[White "Le Diouron, Aurélie"]
[Black "Chauvin, Stéphanie"]
[Result "1/2-1/2"]
[WhiteElo "1992"]
[BlackElo "1892"]
[PlyCount "74"]
[EventDate "2011.02.13"]
[SourceDate "2011.02.13"]

1. d4 d5 2. e4 dxe4 3. Nc3 Nf6 4. f3 e6 5. fxe4 Bb4 6. Bg5 h6 7. Bxf6 Qxf6 8.
Nf3 O-O 9. a3 Ba5 10. Bc4 Nc6 11. e5 Qd8 12. O-O Bxc3 13. bxc3 b6 14. Nd2 Bb7
15. Qg4 Nxe5 16. Qh3 Nxc4 17. Nxc4 Ba6 18. Ne5 Bxf1 19. Rxf1 Qg5 20. Qf3 Qe7
21. Qh5 c5 22. h4 Rac8 23. g4 Rc7 24. g5 Kh7 25. gxh6 g6 26. Qg4 cxd4 27. cxd4
Qxa3 28. Rxf7+ Rcxf7 29. Qxg6+ Kh8 30. Nxf7+ Rxf7 31. Qxf7 Qc1+ 32. Qf1 Qxf1+
33. Kxf1 a5 34. Ke2 b5 35. Kd3 Kh7 36. c4 bxc4+ 37. Kxc4 Kxh6 1/2-1/2

[Event "TOP 12 Fem - JEEN/Guingamp"]
[Site "?"]
[Date "2011.02.13"]
[Round "4.2"]
[White "Gatine, Aurélia"]
[Black "Le Bail, Arielle"]
[Result "1-0"]
[WhiteElo "1983"]
[BlackElo "1879"]
[PlyCount "47"]
[EventDate "2011.02.13"]
[SourceDate "2011.02.13"]

1. e4 e6 2. d4 d5 3. Nd2 c5 4. c3 Nf6 5. e5 Nfd7 6. Bd3 Nc6 7. Ne2 b6 8. O-O
Qc7 9. f4 cxd4 10. cxd4 Nb4 11. Bb1 Ba6 12. f5 exf5 13. Bxf5 Nxe5 14. dxe5 Qxe5
15. Qa4+ b5 16. Qd1 Bc5+ 17. Kh1 O-O 18. a3 Bd6 19. Ng3 Nc6 20. Nf3 Qe7 21.
Bxh7+ Kh8 22. Ng5 g6 23. Nf5 Qe5 24. Nxd6 1-0

[Event "TOP 12 Fem - Guingamp/JEEN"]
[Site "?"]
[Date "2011.02.13"]
[Round "4.3"]
[White "Josse, Mathilde"]
[Black "Blangez, Claire"]
[Result "1-0"]
[WhiteElo "1694"]
[BlackElo "1680"]
[PlyCount "81"]
[EventDate "2011.02.13"]
[SourceDate "2011.02.13"]

1. e4 e5 2. Nf3 Nc6 3. Bb5 d6 4. d4 exd4 5. Nxd4 Bd7 6. O-O a6 7. Nxc6 Bxc6 8.
Bxc6+ bxc6 9. Re1 Be7 10. Nc3 Nf6 11. e5 dxe5 12. Qxd8+ Kxd8 13. Rxe5 Bd6 14.
Re2 Kd7 15. Bg5 Nd5 16. Ne4 Rhe8 17. Rae1 Re5 18. c4 f6 19. cxd5 Bb4 20. dxc6+
Kxc6 21. Rc1+ Kd5 22. Rd1+ Kc6 23. Bf4 Re7 24. Rc2+ Kb7 25. Rc4 a5 26. a3 Rae8
27. axb4 Rxe4 28. Rxc7+ Ka8 29. Be3 axb4 30. Ra1+ Kb8 31. Rca7 Kc8 32. Ra8+ Kc7
33. R1a7+ Kc6 34. Rxe8 Rxe8 35. Rxg7 Ra8 36. Ra7 Rxa7 37. Bxa7 Kd5 38. g3 b3
39. Kg2 Ke4 40. f3+ Kd3 41. g4 1-0

[Event "TOP 12 Fem - JEEN/Guingamp"]
[Site "?"]
[Date "2011.02.13"]
[Round "4.4"]
[White "Onkoud, Houda"]
[Black "Le Chequer, Laetitia"]
[Result "0-1"]
[WhiteElo "1320"]
[BlackElo "1590"]
[PlyCount "42"]
[EventDate "2011.02.13"]
[SourceDate "2011.02.13"]

1. d4 d5 2. Bf4 Nf6 3. e3 Bf5 4. c3 a6 5. Bd3 Bxd3 6. Qxd3 Nbd7 7. Nd2 e6 8.
Ngf3 c5 9. b3 cxd4 10. cxd4 Rc8 11. O-O Ba3 12. Rab1 O-O 13. b4 Bxb4 14. Rxb4
Qa5 15. Rxb7 Rc3 16. Nb3 Rxd3 17. Nxa5 Rc3 18. Ne5 Nxe5 19. Bxe5 Ne4 20. Rfb1
Nd2 21. R1b4 Rc1# 0-1